000
00260nam a2200109Ia 4500
008
200302s9999 xx 000 0 und d
100
_a
Andrew Wormer
245
_a
New Bathroom Idea Book
260
_b
The Taunton Press Inc.,
260
_c
2004
300
_a
171 P.,
999
_c
2885
_d
2885